| 000 | 00579 a2200217 4500 | ||
|---|---|---|---|
| 001 | 76369 | ||
| 005 | 20260423114914.0 | ||
| 010 | _a978-972-24-2173-7 | ||
| 090 | _a76369 | ||
| 100 | _a20260423d2025 m||u0pory50 | ||
| 101 |
_apor _ceng |
||
| 102 | _aPT | ||
| 200 |
_aÀ noite os pés são frios _fMargarida Damião Ferreira |
||
| 210 |
_aLisboa _cLivros Horizonte _d2025 |
||
| 215 | _a191 p. | ||
| 225 |
_aHorizonte de ficção _v109.001 |
||
| 606 |
_aLiteratura portuguesa _92169 |
||
| 675 |
_a83 _zpor |
||
| 700 |
_aFerreira _bMargarida Damião _919567 |
||
| 801 |
_aPT _gRPC |
||
| 942 | _cMON | ||